[Event "Sao Paulo Hebraica op 17th"]
[Site "Sao Paulo"]
[Date "2014.01.12"]
[Round "6"]
[White "De Oliveira, Francemir Barra"]
[Black "Assad, Otavio Orlando"]
[Result "1-0"]
[WhiteElo "1801"]
[BlackElo "1488"]
[PlyCount "51"]
[EventDate "2014.01.09"]
[EventType "swiss"]
[EventRounds "6"]
[EventCountry "BRA"]
[SourceTitle "CBM 158 Extra"]
[Source "ChessBase"]
[SourceDate "2014.02.28"]
[SourceVersion "1"]
[SourceVersionDate "2014.02.28"]
[SourceQuality "1"]

1. e4 c5 2. Nf3 e6 3. d4 cxd4 4. Nxd4 d6 5. Nc3 Nf6 6. Be2 a6 7. g4 Nc6 8. g5 Nd7 9. h4 g6 10. f4 Bg7 11. Nxc6 bxc6 12. Qxd6 Bb7 13. Bd2 Nb6 14. Qa3 Bf8 15. Qb3 Be7 16. 0-0-0 Qc7 17. Be3 c5 18. h5 Rg8 19. hxg6 hxg6 20. Rh7 Bc6 21. f5 gxf5 22. exf5 Nd5 23. fxe6 fxe6 24. Nxd5 Bxd5 25. Rxd5 exd5 26. Qxd5 1-0

[Event "Sao Paulo Hebraica op 17th"]
[Site "Sao Paulo"]
[Date "2014.01.10"]
[Round "2"]
[White "Vescovi, Katherine Lemos"]
[Black "Assad, Otavio Orlando"]
[Result "1-0"]
[WhiteElo "1810"]
[BlackElo "1488"]
[PlyCount "67"]
[EventDate "2014.01.09"]
[EventType "swiss"]
[EventRounds "6"]
[EventCountry "BRA"]
[SourceTitle "CBM 158 Extra"]
[Source "ChessBase"]
[SourceDate "2014.02.28"]
[SourceVersion "1"]
[SourceVersionDate "2014.02.28"]
[SourceQuality "1"]

1. e4 c5 2. Nf3 d6 3. Bb5+ Bd7 4. Bxd7+ Qxd7 5. 0-0 Nf6 6. Qe2 e5 7. c3 Be7 8. d4 cxd4 9. cxd4 0-0 10. Nc3 exd4 11. Nxd4 Nc6 12. Nf5 Bd8 13. Rd1 Bc7 14. Nb5 Ne8 15. Bf4 Qc8 16. Nbxd6 Nxd6 17. Bxd6 Bxd6 18. Nxd6 Qc7 19. Nb5 Qb6 20. Rac1 a6 21. Nc3 Ne5 22. Nd5 Qh6 23. Rc7 b5 24. b3 Kh8 25. Qe3 Qh5 26. Rdc1 Qh4 27. Qd4 Qg4 28. Qxe5 Rae8 29. Rxf7 Rg8 30. Qf5 Qxf5 31. exf5 Re2 32. f6 gxf6 33. Nxf6 Rd8 34. Rxh7# 1-0